Loading...

Plastics : surface and finish

Bibliographic Details
Other Authors: Simpson, W Gordon (Editor)
Format: Printed Book
Language:English
Published: Cambridge Royal Society chemistry 1995
Edition:2nd ed.
Subjects:
LEADER 00668nam a22001817a 4500
005 20200730135153.0
008 100908t xxu||||| |||| 00| 0 eng d
082 |a 678.5.029  |b SIM 
100 |a Simpson, W Gordon  |e Editor  |9 1601 
245 |a Plastics  |b  : surface and finish  |c W Gordon Simpson 
250 |a 2nd ed. 
300 |a xvi, 327p. 
653 |a Plastics - Finishing  |a Plastics - Surface and Finishing  |a Plastics - Fabricating 
942 |c BK  |6 _ 
260 |a Cambridge  |b Royal Society chemistry   |c 1995 
020 |a 0-85404-516-3 
999 |c 182730  |d 182730 
952 |0 0  |1 0  |2 udc  |4 0  |6 6785029_SIM  |7 0  |9 235604  |a PSR  |b PSR  |d 2010-09-08  |o 678.5.029 SIM  |p PS002433  |r 2010-09-08  |w 2010-09-08  |y BK